000 00637nam a2200253 a 4500
999 _c4955
_d4955
001 4955
003 BD-JhCC
005 20171219090445.0
008 171205s1969 usa |||| || | 000 0 eng d
035 _a(BD-JhCC)4955
040 _aBD-JhCC
_dBD-JhCC
041 _aeng
082 _a428.2
_bGUT 1965
100 _aGuth, Hans P.
245 _aConcise English Handbook /
_cHans P. Guth,
250 _a2nd ed.
260 _aCalifornia :
_bWadsworth Publishing Company,
_c1962.
300 _a395 p. :
_c19 cm.
504 _aIncludes Index
650 _aEnglish language
650 _aGrammar
650 _aRhetoric
942 _2ddc
_cBK